Statistics for Countries with the Most Climate Zones

Click here to take the quiz!

General Stats

  • This quiz has been taken 12,902 times
    (12,876 since last reset)
  • The average score is 15 of 19

Answer Stats

# Country % Correct
16Russia
99%
26United States
99%
18China
98%
12Brazil
97%
12Canada
95%
15Australia
93%
13Argentina
93%
11Mexico
92%
17India
92%
10Peru
79%
10South Africa
78%
11Colombia
76%
11Venezuela
69%
13Turkey
67%
12Spain
65%
13Italy
65%
12Pakistan
64%
10Bolivia
64%
10Ecuador
56%

Score Distribution

Percentile by Number Answered

Percent of People with Each Score

Your Score History

You have not taken this quiz since the last reset